Oscar Faber's reinforced concrete (Record no. 52951)

MARC details
000 -LEADER
fixed length control field 00542nam a2200169 a 4500
008 - FIXED-LENGTH DATA ELEMENTS--GENERAL INFORMATION
fixed length control field 120416s1965 ||||||||||||||||| || u
020 ## - INTERNATIONAL STANDARD BOOK NUMBER
International Standard Book Number 0419102906
050 ## - LIBRARY OF CONGRESS CALL NUMBER
Classification number TA 683.2 Fab
100 ## - MAIN ENTRY--PERSONAL NAME
Personal name Faber, Oscar
245 10 - TITLE STATEMENT
Title Oscar Faber's reinforced concrete
250 ## - EDITION STATEMENT
Edition statement rev. ed.
260 ## - PUBLICATION, DISTRIBUTION, ETC.
Place of publication, distribution, etc. Wiltshire
Name of publisher, distributor, etc. ELBS
Date of publication, distribution, etc. 1965
300 ## - PHYSICAL DESCRIPTION
Extent xv, 532p. : ill.
350 ## - PRICE (NR) (BK AM CF MU VM SE) [OBSOLETE]
Price 0.00
700 ## - ADDED ENTRY--PERSONAL NAME
Personal name Faber, John
995 ## - RECOMMENDATION 995 [LOCAL, UNIMARC FRANCE]
-- 0.00
-- CBU-MAIN LIBRARY (Kitwe)
-- 1
-- 2.78
-- 1
-- DAMAGED
-- Main Library Open Access Collection
Holdings
Withdrawn status Lost status Source of classification or shelving scheme Damaged status Not for loan Home library Current library Shelving location Date acquired Total Checkouts Full call number Barcode Date last seen Price effective from Koha item type
          CBU-MAIN LIBRARY, KITWE. CBU-MAIN LIBRARY, KITWE.   11/30/2022   TA 683.2 Fab 024199 11/30/2022 11/30/2022 MONOGRAPH